000 00857cam a2200277 i 4500
001 768714001
003 CO-MdFUSB
005 20240628175936.0
007 ta
008 240628t1965 -us||||| |||| 00| 0 spa d
040 _cCO-MdFUSB
041 0 _aspa
082 0 4 _224
_a234.8
_bP9858c
100 1 _aPurkiser, W. T.
_eautor
245 1 0 _aConceptos en conflicto sobre la santidad
_b: Algunos conceptos contemporáneos sobre la doctrina de la santidad
_c /W. T. Purkiser ; traductores José Soltero, Ira Tru
260 _aKansas City, MO., USA : Casa Nazarena
264 1 _aEstados Unidos :
_bCasa nazanera,
_c[1965]
264 4 _c©1965
300 _a105 Pag
336 _atexto
_btxt
_2rdacontent
337 _2rdamedia
_asin mediación
_bn
338 _2rdacarrier
_avolumen
_bnc
653 _aSantificacion
942 _cBK
945 _aMiguel
999 _c34991
_d34991